Movies Quiz

Random Movies or Blitz Quiz

Star Wars: Which Episode? Quiz Stats

Quiz Updated Jan 2, 2018

Also try: 'Star Wars' Top 50
Challenge
Share
Tweet
Embed
Score 0/27 Timer 05:00
5 Plays Today
% Correct
Episode III: Revenge of the Sith
91.3%
Episode VIII: The Last Jedi
90.8%
Episode I: The Phantom Menace
89.8%
Episode VIII: The Last Jedi
89.7%
Episode VII: The Force Awakens
89.7%
Episode VII: The Force Awakens
88.5%
Episode II: Attack of the Clones
88.4%
Episode I: The Phantom Menace
88.3%
Episode III: Revenge of the Sith
87.4%
Episode IV: A New Hope
86.2%
Episode V: The Empire Strikes Back
86%
Episode VIII: The Last Jedi
85.6%
Episode I: The Phantom Menace
85.4%
Episode V: The Empire Strikes Back
85.2%
% Correct
Episode V: The Empire Strikes Back
85%
Episode IV: A New Hope
84.4%
Episode VI: Return of the Jedi
81.7%
Episode VI: Return of the Jedi
81.6%
Episode V: The Empire Strikes Back
79.8%
Episode IV: A New Hope
78.7%
Episode II: Attack of the Clones
78.3%
Episode VII: The Force Awakens
78%
Episode VI: Return of the Jedi
75.7%
Episode VI: Return of the Jedi
72.5%
Episode IV: A New Hope
72.2%
Episode III: Revenge of the Sith
68.7%
Episode II: Attack of the Clones
67.3%

You're not logged in!

Compare scores with friends on all Sporcle quizzes.
Sign Up with Email
OR
Log In

You Might Also Like...

Show Comments

Extras

Top Quizzes Today


Score Distribution

Your Account Isn't Verified!

In order to create a playlist on Sporcle, you need to verify the email address you used during registration. Go to your Sporcle Settings to finish the process.